000 00770nam a2200241Ia 4500
003 OSt
005 20220925235404.0
006 a|||||r|||| 00| 0
007 ta
008 220923b |||||||| |||| 00| 0 eng d
020 _a8189654284
_c191.25
037 _bDU0135, 29/03/2008, INDEPENDENT PUBLISHERS GROUP
_cGeneral Book
040 _aRTL
_cRTL
_beng
041 _2eng
_aeng
082 _aV73:19, P6
100 _aAmin Samir
_9124528
245 0 _aBeyond us hegemony?
_bAssassing the prospects for a multipolar world
260 _a New Delhi
_bDaanish
_c2006
300 _a191p
_ccm.
650 _aSociology
942 _hV73:19, P6
_cGB
_2CC
999 _c597293
_d597293